=LDR 00000nam 2200000 4500 =001 000906 =005 20250712122157 =035 ##$$a 0010-0725000784 =007 ta =008 250712################a##########0#ind## =020 ##$$a 987-623-118-848-9 =082 ##$$a 398. 209 598 =084 ##$$a 398. 209 598 FAU l =100 #$$a Fauzia, Sarah =245 1#$$a Labi Percaya Diri /$c Sarah Fauzia =250 ##$$a Cetakan Pertama =260 ##$$a Jakarta Timur :$b Kementrian Pendidikan, Kebudayaan, Riset, dan Teknologi,$c 2024 =300 ##$$a 24 hlm. ; $c 29,7 cm =650 #4$$a CERITA ANAK-INDONESIA =650 #4$$a Kesusastraan Anak =856 ##$$a TBM As-Suhada =990 ##$$a TBM202400625